Język i jego kraje - Statystyki

Ogólne statystyki
  • Ten quiz został rozwiązany 21 razy
  • Średni wynik to 10 z 10
Statystyki odpowiedzi
Język Kraje % Poprawnych
Arabski Egipt/Arabia Saudyjska/Irak/Syria/Jordania/Liban/Maroko/Algieria/Tunezja/Libia/Sudan/Kuwejt/Bahrajn/Qatar/Zjednoczone Emiraty Arabskie/Oman/Jemen/Mauretania/Dżibuti/Komory
100%
Francuski Francja/Belgia/Szwajcaria/Kanada/Luksemburg/Monako/Senegal/Mali/Wybrzeże Kości Słoniowej/Kamerun/Burkina Faso/Niger/Czad/Demokratyczna Republika Konga/Kongo/Rwanda/Burundi/Gabon/Komory
100%
Hiszpański Hiszpania/Meksyk/Kolumbia/Argentyna/Chile/Peru/Wenezuela/Ekwador/Kuba/Boliwia/Paragwaj/Urugwaj/Kostaryka/Nikaragua/Honduras/Gwatemala/Panama/Dominikana
100%
Portugalski Portugalia/Brazylia/Angola/Mozambik/Gwinea Bissau/Timor Wschodni/Makau/Święty Tomasz i Książę/Zielony Przylądek
100%
Angielski USA/Wielka Brytania/Kanada/Australia/Nowa Zelandia/Irlandia/Indie/Pakistan/Filipiny/Nigeria/Kenia/RPA/Jamajka/Barbados/Singapur
100%
Hindi Indie/Fidżi/Mauritius/Nepal/Surinam
95%
Niemiecki Niemcy/Austria/Szwajcaria/Liechtenstein/Luksemburg/Belgia
95%
Rosyjski Rosja/Białoruś/Kazachstan/Kirgistan/Tadżykistan/Łotwa/Estonia/Ukraina
95%
Włoski Włochy/Szwajcaria/San Marino/Watykan/Chorwacja/SłoweniaHindi
95%
Suahili Tanzania/Kenia/Uganda/Demokratyczna Republika Konga/Rwanda/Burundi/Mozambik/Komory
75%
Nie znaleziono quizów pasujących do podanych kryteriów
Rozkład punktacji
Procent ludzi z każdym wynikiem
Percentyl według liczby udzielonych odpowiedzi
Twoja historia wyników
Nie rozwiązałeś tego quizu